| 000 | 00656cab a2200217 4500 | ||
|---|---|---|---|
| 001 | WB3312-29 | ||
| 008 | 090401t1997 xxu||||| |||| 00| 0 eng d | ||
| 035 | _a(Sirsi) u77204 | ||
| 041 | _aeng | ||
| 245 | _aUK plans on internet | ||
| 260 | _c1997 | ||
| 350 | _a0 | ||
| 490 |
_aProperty Week _v58(10) 14 March 1997, 8(1) |
||
| 520 | _aApplied Property Research has launched a new UK Development Plans Directory on the Internet only, which covers all UK plans. | ||
| 650 | _aDEVELOPMENT PLANS | ||
| 650 | _aDIRECTORY | ||
| 650 | _aINTERNET | ||
| 690 | _aMANAGEMENT-BUSINESS MANAGEMENT-INFORMATION MANAGEMENT | ||
| 942 | _n0 | ||
| 948 | _c19/03/1997 | ||
| 999 |
_c48527 _d48527 |
||